000 00755nas a2200253 4500
001 BR9101282
003 BR-BrBNA
005 20231205091958.0
007 ta
008 230509b bl.|||p| |||| 00| 00por d
040 _aBR-BrBNA
_bpor
_cBiblioteca Nacional de Agricultura
041 _a(Pt)
072 _aH10
100 1 _aPenna, J.C.V.
100 1 _aFallieri, J.
100 1 _aFerreira, L.
245 1 _aAvaliacao de 15 racas primitivas de algodoeiros quanto a antibiose ao curuquere
650 _aALGODAO
650 _aCURUQUERE
650 _aLAGARTA
773 0 _tPesquisa Agropecuaria Brasileira (Brazil)
_xISSN 0100-204X
_g(Aug 1989), v. 24(8) p. 1033-1036
_wBR9101282
909 _a202311
_bLúcia
_c55
_dLúcia Elande
942 _2AGRIS
_n0
_cANA
999 _c128506
_d128506